Language Quiz

Random Language or German Quiz
Score 0/10 Timer 10:00
0 Plays Today
Hint Answer % Correct
Magst du Herbst?Do you like fall?
100%
Es schneit in ColoradoIt's snowing in Colorado
88.9%
Ich habe kein SchalI don't have a scarf
77.8%
Er hat keine SchwesterHe doesn't have a sister
77.8%
Ich mag deine rote SchuheI like your red shoes
77.8%
Kannst du gut singen?Can you sing well?
77.8%
Hast du lange Haare?Do you have long hair?
77.8%
Sie hat blaue AugenShe has blue eyes
77.8%
Wo ist dein Buch?Where's your book?
66.7%
Es ist nicht heissIt's not hot
55.6%
Remove Ads.
Support Sporcle.
Get the best of Sporcle when you Go Orange. This ad-free experience offers more features, more stats, and more fun while also helping to support Sporcle. Thank you for becoming a member.

You're not logged in!

Compare scores with friends on all Sporcle quizzes.
OR
Log In

Show Comments

Extras

Created Dec 11, 2018ReportNominate
Tags:German Quiz, Semester

Top Quizzes Today


Score Distribution

Your Account Isn't Verified!

In order to create a playlist on Sporcle, you need to verify the email address you used during registration. Go to your Sporcle Settings to finish the process.

Report this User

Report this user for behavior that violates our Community Guidelines.

Details: